000 00476nam a2200181Ia 4500
001 23791
005 20260414151001.0
008 260414t2000||||xx |||||||||||||| ||spa||
041 _aESP
082 _a709.45
_bI85
100 _aFossi, Gloria
_eAUT
245 0 _aItalian art :
_bpainting, sculpture, architecture from the origins to the present day
260 _c2000
300 _a427 páginas :
_c26 cm.
650 _aABD
654 _aCAU
942 _cLIB
_dJUS
_fJUS
_2ddc
_n
999 _c23791
_d23791